Subdivisions of Panama - Statistics

General Stats
  • This quiz has been taken 21 times
  • The average score is 5 of 10
Answer Stats
Answer % Correct
Panama
77%
Bocas del Toro
62%
Colon
54%
Darien
54%
Los Santos
54%
Veraguas
54%
Cocle
46%
Chiriqui
38%
Hererra
31%
Panama Oeste
31%
No matching quizzes found
Score Distribution
Percent of People with Each Score
Percentile by Number Answered
Your Score History
You have not taken this quiz